000 004150000a22001690004500
003 LK-CoMWRAF
008 230817t ||||| |||| 00| 0 eng d
040 _aLK-CoMWRAF
_dLK-CoMWRAF
_eLK-CoMWRAF
041 _aeng
082 _a161
_bZAR
100 _aZarruque, Al-Alim
245 _aCourt of appeal clarifies Talaq Divorce
_b
260 _aColombo
_bIPS
_Y
300 _ap.11
650 _aMuslim Law
942 _cBK
999 _c2425
_d2425